000 00850nam a2200253Ia 4500
003 OSt
005 20221005102954.0
006 a|||||r|||| 00| 0
007 ta
008 221004b |||||||| |||| 00| 0 hin d
024 _a32578
037 _cTextual
040 _aCRL
_cCRL
_bhin
041 _2hin
_ahin
082 _aO152,1I00:g, M5
100 _aचतुर्वेदी, परशुराम
245 0 _aकबीर साहित्य की परख
246 _aKabīr sāhitya kī parakha
260 _aइलाहाबाद
_bभारती भंडार भारत
_c1985
300 _a284पृ.
_ccm.
650 _aहिन्दी साहित्य
942 _hO152,1I00:g, M5
_cTEXL
_2cc
999 _c1009204
_d1009204